000 00692nab a2200217u 4500
001 19383
003 HDC
007 c| |||a|c|aaaa
008 210227b20100122my ||||o |||| 00| 0 eng d
040 _aHDC
245 0 _aAre all Pringles Halal?
336 _atext
_2rdacontent
337 _acomputer
_2rdamedia
338 _aonline resource
_2rdacarrier
650 _aHalal logo-on-labels
_917832
650 _aPringles® potato crisps
_917833
856 _zRequest full-text at [email protected]
942 _2lcc
942 _cNEWS
942 _kNWS0 003546
999 _c16699
_d16699